Gramsci y el sujeto político : subalternidad, autonomía, hegemonía /

Detalles Bibliográficos
Autor principal: Modonesi, Massimo, 1971- (Autor)
Formato: Electrónico eBook
Lenguaje:español
Publicado: CDMX : Universidad Nacional Autónoma de México : Akal, [2023]
Colección:Pensamiento crítico (Akal Editor) ; 132.
Materias:
Acceso en línea:Digitalia Hispánica

MARC

LEADER 00000nam a2200000 i 4500
001 DIGAKAL0838
003 NyNyDIG
007 cr |||||||||||
008 250120s2023 mx ob 000 0 spa d
006 m o d
035 |a (OCoLC)1491108612 
040 |a DGITA  |b eng  |e rda  |e pn  |c DGITA 
020 |a 9786078898305  |q eBook 
020 |z 9786078898190 
050 1 4 |a HX289.7.G73 ebook 
100 1 |a Modonesi, Massimo,  |d 1971-  |e author. 
245 1 0 |a Gramsci y el sujeto político :  |b subalternidad, autonomía, hegemonía /  |c Massimo Modonesi. 
264 1 |a CDMX :  |b Universidad Nacional Autónoma de México :  |b Akal,  |c [2023] 
300 |a 1 online resource. 
336 |a text  |b txt  |2 rdacontent 
337 |a computer  |b c  |2 rdamedia 
338 |a online resource  |b cr  |2 rdacarrier 
347 |a text file  |2 rdaft 
347 |b EPUB 
490 1 |a Akal / Pensamiento crítico ;  |v 132 
504 |a Includes bibliographical references. 
588 0 |a Online resource; title from ePub title page (Digitalia, viewed January 20, 2025) 
600 1 0 |a Gramsci, Antonio,  |d 1891-1937  |x Political and social views. 
600 1 0 |a Gramsci, Antonio,  |d 1891-1937  |x Influence. 
650 0 |a Communism. 
650 0 |a Socialism. 
791 2 |a Digitalia (Firm),  |e distributor. 
793 0 |g Digitalia eBook Collection:  |a Akal 
776 0 8 |i Print version:  |a Modonesi, Massimo, 1971-  |t Gramsci y el sujeto político.  |d CDMX : Universidad Nacional Autónoma de México : Akal, [2023]  |z 9786078898190 
830 0 |a Pensamiento crítico (Akal Editor) ;  |v 132. 
856 4 0 |3 Digitalia Hispánica  |u https://www.digitaliapublishing.com/a/158539/ 
910 |a Premium collection: 2025